Statistiques concernant [One Piece] Fruits du démon (spoil 1098)

Cliquez ici pour prendre le quiz!

Statistiques générales

  • Ce quiz a été pris 70 fois
    (22 depuis la dernière actualisation)
  • Le résultat moyen est 58 sur 150

Statistiques - réponses

UtilisateursFruit du démon (Japonais)% Correct
Monkey D. LuffyGomu Gomu no Mi
94%
BaggyBara Bara no Mi
75%
AlvidaSube Sube no Mi
69%
BellamyBane Bane no Mi
63%
BluenoDoa Doa no Mi
63%
César ClownGasu Gasu no Mi
63%
Barbe Noire (Marshall D. Teach)Gura Gura no Mi
63%
Barbe Blanche (Edward Newgate) anciennementGura Gura no Mi
63%
Don Quichotte DoflamingoIto Ito no Mi
63%
Akainu (Sakazuki)Magu Magu no Mi
63%
Ace (anciennement)Mera Mera no Mi
63%
SaboMera Mera no Mi
63%
SmokerMoku Moku no Mi
63%
Trafalgar D. Water LawOpe Ope no Mi
63%
Kizaru (Borsalino)Pika Pika no Mi
63%
WapolBaku Baku no Mi
56%
BartolomeoBari Bari no Mi
56%
EnerGoro Goro no Mi
56%
ChopperHito Hito no Mi
56%
Gecko MoriaKage Kage no Mi
56%
Bartholomew KumaNikyu Nikyu no Mi
56%
Capone "Gang" BegeShiro Shiro no Mi
56%
Barbe Noire (Marshall D. Teach)Yami Yami no Mi
56%
BrookYomi Yomi no Mi
56%
Miss All Sunday (Nico Robin)Hana Hana no Mi
50%
Aokiji (Kuzan)Hie Hie no Mi
50%
PeronaHoro Horo no Mi
50%
Miss Valentine (Mikita)Kilo Kilo no Mi
50%
Mr. 2/Bonclay (Bentham)Mane Mane no Mi
50%
Charlotte PuddingMemo Memo no Mi
50%
Boa HancockMero Mero no Mi
50%
Charlotte BrûléeMira Mira no Mi
50%
Charlotte KatakuriMochi Mochi no Mi
50%
Absalom (Anciennement)Suke Suke no Mi
50%
CrocodileSuna Suna no Mi
50%
TsuruWoshu Woshu no Mi
50%
KalifaAwa Awa no Mi
44%
Charlotte CrackerBisu Bisu no Mi
44%
Mr. 5 (Gem)Bomu Bomu no Mi
44%
InazumaChoki Choki no Mi
44%
Mr. 3 (Galdino)Doru Doru no Mi
44%
Emporio IvankovHoru Horu no Mi
44%
Eustass "Captain" KidJiki Jiki no Mi
44%
CaribouNuma Numa no Mi
44%
Jesus BurgessRiki Riki no Mi
44%
ShûSabi Sabi no Mi
44%
Big Mom (Charlotte Linlin)Soru Soru no Mi
44%
Señor PinkSui Sui no Mi
44%
KarasuSusu Susu no Mi
44%
Kozuki TokiToki Toki no Mi
44%
MachviseTon Ton no Mi
44%
Van Augur/Van AugerWapu Wapu no Mi
44%
Basil HawkinsWara Wara no Mi
44%
Kurozumi Semimaru (Anciennement)Bari Bari no Mi
38%
Very GoodBeri Beri no Mi
38%
Baby 5Buki Buki no Mi
38%
ManshellyChiyu Chiyu no Mi
38%
San Juan WolfDeka Deka no Mi
38%
ShikiFuwa Fuwa no Mi
38%
Riku Viola (Violette)Giro Giro no Mi
38%
SengokuHito Hito no Mi modèle Daibutsu
38%
LassouInu Inu no Mi modèle Basset
38%
ChakaInu Inu no Mi modèle Chacal
38%
JaburaInu Inu no Mi modèle Loup
38%
PekomsKame Kame no Mi
38%
Kurozumi Higurashi (Anciennement)Mane Mane no Mi
38%
S-SnakeMero Mero no Mi
38%
Rob LucciNeko Neko no Mi modèle Léopard
38%
Who's WhoNeko Neko no Mi modèle Tigre à dents de sabre
38%
S-BearNikyu Nikyu no Mi
38%
VegapunkNomi Nomi no Mi
38%
Scratchmen ApooOto Oto no Mi
38%
X DrakeRyu Ryu no Mi modèle Allosaure
38%
QueenRyu Ryu no Mi modèle Brachiosaure
38%
KingRyu Ryu no mi modèle Ptéranodon
38%
Mother Caramel (Anciennement)Soru Soru no Mi
38%
ShiliewSuke Suke no Mi
38%
Mr. 1 (Daz Bonez)Supa Supa no Mi
38%
Miss Doublefinger (Zala)Toge Toge no Mi
38%
PellTori Tori no Mi modèle Faucon
38%
MarcoTori Tori no Mi modèle Phénix
38%
KaidoUo Uo no Mi modèle Seiryu
38%
MonetYuki Yuki no Mi
38%
FunkfreedZo Zo no Mi
38%
JackZo Zo no Mi modèle Mammouth
38%
Fujitora (Issho)Zushi Zushi no Mi
38%
JoraAto Ato no Mi
31%
Charlotte GaletteBata Bata no Mi
31%
TrebolBeta Beta no Mi
31%
Charlotte Mont d'OrBuku Buku no Mi
31%
MagellanDoku Doku no Mi
31%
Boa SandersoniaHebi Hebi no Mi modèle Anaconda
31%
Boa MarigoldHebi Hebi no Mi modèle Cobra Royal
31%
Kurozumi OrochiHebi Hebi no Mi modèle Yamata no Orochi
31%
DiamanteHira Hira no Mi
31%
PicaIshi Ishi no Mi
31%
Kelly FunkJake Jake no Mi
31%
JozKira Kira no Mi
31%
Belo BettyKobu Kobu no Mi
31%
StreusenKuku Kuku no Mi
31%
Charlotte OpéraKuri Kuri no Mi
31%
Vander Decken IXMato Mato no Mi
31%
Miss Merry Christmas (Drophy)Mogu Mogu no Mi
31%
Don Quichotte Rossinante (Corazon)Nagi Nagi no Mi
31%
Charlotte OvenNetsu Netsu no Mi
31%
FoxyNoro Noro no Mi
31%
LéoNui Nui no Mi
31%
HinaOri Ori no Mi
31%
Charlotte PerosperoPero Pero no Mi
31%
UltiRyu Ryu no Mi modèle Pachycéphalosaure
31%
Page OneRyu Ryu no Mi modèle Spinosaure
31%
SasakiRyu Ryu no Mi modèle Tricératops
31%
SmileySara Sara no Mi modèle Axolotl
31%
Doc QShiku Shiku no Mi
31%
Avalo PizarroShima Shima no Mi
31%
S-SharkSui Sui no Mi
31%
S-HawkSupa Supa No Mi
31%
Baron TamagoTama Tama no Mi
31%
MorgansTori Tori no Mi modèle Albatros
31%
Jewelry BonneyToshi Toshi no Mi
31%
Dalton/DoltonUshi Ushi no Mi modèle Bison
31%
KakuUshi Ushi no Mi modèle Girafe
31%
KinemonFuku Fuku no Mi
25%
Vasco ShotGabu Gabu no Mi
25%
Charlotte Nyûichi/NewichiGocha Gocha no Mi
25%
BuffaloGuru Guru no Mi
25%
SugarHobi Hobi no Mi
25%
Charlotte DaifukuHoya Hoya no Mi
25%
Catarina DevonInu Inu no Mi modèle Kyubi no Kitsune
25%
YamatoInu Inu no Mi modèle Okuchi no Makami
25%
BunbukuInu Inu no Mi modèle Tanuki
25%
ShinobuJuku Juku no Mi
25%
Black MariaKumo Kumo no mi modèle Rosamygale Grauvogeli
25%
RaizoMaki Maki no Mi
25%
Ryokugyû (Aramaki)Mori Mori no Mi
25%
MorleyOshi Oshi no Mi
25%
SharinguruShari Shari no Mi
25%
Charlotte SmoothieShibo Shibo no Mi
25%
PierreUma Uma no Mi
25%
StrongerUma Uma no Mi modèle Pégase
25%
Kurozumi KanjuroFude Fude no Mi
19%
Prince Gles/Prince GrusGunyo Gunyo no Mi
19%
OnimaruHito Hito no Mi modèle Onyudo
19%
Kurozumi TamaKibi Kibi no Mi
19%
KujakuMuchi Muchi no Mi
19%
Bee AnneMushi Mushi no Mi modèle Guêpe
19%
BluegrassNori Nori no Mi
19%
GladiusPamu Pamu no Mi
19%
BlamencoPoke Poke no Mi
19%
KabuMushi Mushi no Mi modèle Scarabé Rhinocéros
13%

Distribution des résultats

Percentile par nombre de réponses

% des personnes avec chaque résultat

Votre développement - résultats

Vous n’avez pas pris ce quiz depuis la dernière actualisation